La lingüística sincrónica. Estudios e investigaciones.
Na minha lista:
| Autor principal: | |
|---|---|
| Outros Autores: | |
| Formato: | Livro |
| Idioma: | espanhol |
| Publicado em: |
Madrid, España:
Gredos,
1968.
|
| Colecção: | Biblioteca Románica Hispánica. III Manuales, 17.
|
| Assuntos: | |
| Tags: |
Adicionar Tag
Sem tags, seja o primeiro a adicionar uma tag!
|
MARC
| LEADER | 00000nam a2200000 a 4500 | ||
|---|---|---|---|
| 001 | UCQ2723 | ||
| 003 | CL-VaPUC | ||
| 005 | 20220822114339.0 | ||
| 008 | 980731e19680000SP |||||||||||||||||spa|d | ||
| 999 | |c 273494 |d 273492 | ||
| 020 | |a 84-249-1151-2 (rústica) | ||
| 040 | |c Pontificia Universidad Católica de Valparaíso | ||
| 082 | 0 | 4 | |a 410 MAR 1968 |2 21 |
| 100 | |a Martinet, André V. |e autor |9 611822 | ||
| 245 | 1 | 3 | |a La lingüística sincrónica. |b Estudios e investigaciones. |
| 260 | |a Madrid, España: |b Gredos, |c 1968. | ||
| 300 | |a 228 páginas. | ||
| 490 | 0 | |a Biblioteca Románica Hispánica. III Manuales, 17. | |
| 500 | |a c.6 Donación Familia Prof. Alejandro Guzmán Brito. | ||
| 583 | |a last modification |c 19980731 00:00:00 |k Rodrigo Vera | ||
| 650 | 0 | |a Lingüística |9 265068 | |
| 650 | 0 | |a Lingüística sincrónica |2 CL-VaPUC |9 378497 | |
| 650 | 0 | |a Investigación lingüística |9 329785 | |
| 650 | 0 | |a Teoría lingüística |2 CL-VaPUC |9 493548 | |
| 650 | 0 | |a Fonología |9 341074 | |
| 700 | |a Marcos, Felisa |9 865402 |e versión española | ||
| 942 | |c BK |2 ddc |n 0 | ||
| 945 | |d 19980731 00:00:00 |a crobeson | ||
| 952 | |0 0 |1 0 |4 0 |6 410_000000000000000_MAR_1968 |7 0 |8 A |9 309082 |a BIBEDU |b BIBEDU |d 2019-11-20 |i 1448730 |l 1 |o 410 MAR 1968 |p 1448730 |r 2024-04-08 |s 2024-03-27 |w 2019-11-20 |y BK |k LIT | ||
| 952 | |0 0 |1 0 |4 0 |6 410_000000000000000_MAR_1968 |7 0 |8 A |9 309083 |a BIBEDU |b BIBEDU |d 2019-11-20 |i 1448749 |o 410 MAR 1968 |p 1448749 |r 2019-11-20 |w 2019-11-20 |y BK |k LIT | ||
| 952 | |0 0 |1 0 |4 0 |6 410_000000000000000_MAR_1968 |7 0 |8 A |9 309084 |a FDOPOS |b FDOPOS |d 2019-11-20 |i 3691306 |o 410 MAR 1968 |p 3691306 |r 2025-01-22 |w 2019-11-20 |y BK |k MLA | ||
| 952 | |0 0 |1 0 |4 0 |6 410_000000000000000_MAR_1968 |7 0 |8 A |9 309085 |a BIBEDU |b BIBEDU |d 2019-11-20 |i 3798062 |o 410 MAR 1968 |p 3798062 |r 2019-11-20 |w 2019-11-20 |y BK |k LIT | ||
| 952 | |0 0 |1 0 |4 0 |6 410_000000000000000_MAR_1968 |7 0 |8 A |9 309086 |a FDOPOS |b FDOPOS |d 2019-11-20 |i 4274121 |o 410 MAR 1968 |p 4274121 |r 2025-01-22 |w 2019-11-20 |y BK |k MLA | ||